| 000 | 00544 a2200145 4500 | ||
|---|---|---|---|
| 999 |
_c439 _d439 |
||
| 008 | 221229b ||||| |||| 00| 0 eng d | ||
| 020 | _a9781856091633 | ||
| 082 | 0 | 0 |
_a623.824 _bS5789 |
| 110 |
_95060 _aSociety of International Gas Tanker and Terminal Operators |
||
| 245 | _aIntroduction to the design and maintenance of cargo system pressure relief valves on board gas carrier / | ||
| 260 |
_aScotland: _bWitherby Publishing Group, _c2014. |
||
| 300 | _aiv, 36 p. | ||
| 650 | 0 | _aLiquefied gases--Transportation--Safety measures | |
| 942 |
_2ddc _cBK |
||